[Event "Famalicao op 9th"]
[Site "Vila Nova de Famalicao"]
[Date "2022.07.30"]
[Round "9"]
[White "Romano, Joao Manuel Pereira"]
[Black "Ribeiro, Rodrigo"]
[Result "1/2-1/2"]
[WhiteElo "2029"]
[BlackElo "1903"]
[PlyCount "43"]
[EventDate "2022.07.25"]
[EventType "swiss"]
[EventRounds "9"]
[EventCountry "POR"]
[SourceTitle "CBM 209 Extra"]
[Source "ChessBase"]
[SourceDate "2022.09.30"]
[SourceVersion "1"]
[SourceVersionDate "2022.09.30"]
[SourceQuality "1"]

1. c4 c5 2. Nc3 Nf6 3. Nf3 b6 4. e3 g6 5. b3 Bg7 6. Bb2 0-0 7. Be2 Bb7 8. 0-0 d5 9. cxd5 Nxd5 10. Qc2 Nc6 11. Rfd1 Rc8 12. Nxd5 Qxd5 13. Bxg7 Kxg7 14. Qb2+ Kg8 15. Bf1 Rfd8 16. d4 cxd4 17. Nxd4 Nxd4 18. Rxd4 Qf5 19. Rc1 Rxd4 20. Rxc8+ Bxc8 21. Qxd4 Qd7 22. Qxd7 1/2-1/2

[Event "Famalicao op 9th"]
[Site "Vila Nova de Famalicao"]
[Date "2022.07.27"]
[Round "5"]
[White "Quintas Otero, Anton"]
[Black "Romano, Joao Manuel Pereira"]
[Result "0-1"]
[WhiteElo "1730"]
[BlackElo "2029"]
[PlyCount "70"]
[EventDate "2022.07.25"]
[EventType "swiss"]
[EventRounds "9"]
[EventCountry "POR"]
[SourceTitle "CBM 209 Extra"]
[Source "ChessBase"]
[SourceDate "2022.09.30"]
[SourceVersion "1"]
[SourceVersionDate "2022.09.30"]
[SourceQuality "1"]

1. e4 e5 2. Nf3 Nc6 3. Bc4 Bc5 4. c3 Nf6 5. d4 exd4 6. e5 d5 7. Bb5 Ne4 8. cxd4 Bb6 9. Nc3 0-0 10. Be3 Bf5 11. Qb3 Ne7 12. Nh4 Be6 13. f4 c6 14. Be2 Qd7 15. 0-0 Rae8 16. a4 f6 17. a5 Bd8 18. Bd3 Kh8 19. Qc2 f5 20. Rf3 c5 21. Bb5 Nc6 22. Rh3 Bxh4 23. Rxh4 cxd4 24. Bxc6 bxc6 25. Bxd4 Rc8 26. Nxe4 dxe4 27. Bc5 Rfd8 28. Bd6 c5 29. Qe2 c4 30. Qh5 h6 31. Ra3 c3 32. bxc3 Qb5 33. Qd1 Qc5+ 34. Bxc5 Rxd1+ 35. Kf2 Rxc5 0-1

[Event "Famalicao op 9th"]
[Site "Vila Nova de Famalicao"]
[Date "2022.07.26"]
[Round "3"]
[White "Aditya, Mittal"]
[Black "Romano, Joao Manuel Pereira"]
[Result "1-0"]
[WhiteElo "2480"]
[BlackElo "2029"]
[PlyCount "51"]
[EventDate "2022.07.25"]
[EventType "swiss"]
[EventRounds "9"]
[EventCountry "POR"]
[SourceTitle "CBM 209 Extra"]
[Source "ChessBase"]
[SourceDate "2022.09.30"]
[SourceVersion "1"]
[SourceVersionDate "2022.09.30"]
[SourceQuality "1"]

1. d4 d5 2. c4 e6 3. Nf3 c5 4. cxd5 exd5 5. g3 Nc6 6. Bg2 Nf6 7. 0-0 cxd4 8. Nxd4 Bc5 9. Nxc6 bxc6 10. Qc2 Bb6 11. Qxc6+ Bd7 12. Qd6 Rc8 13. Bg5 Rc6 14. Qa3 h6 15. Bxf6 Qxf6 16. Bxd5 Bc5 17. Qf3 Qxf3 18. exf3 Rb6 19. Re1+ Kf8 20. Re2 h5 21. Nc3 Rhh6 22. Rd1 Be8 23. h4 Rb8 24. Kg2 Rhb6 25. Bb3 R6b7 26. Rd5 1-0

[Event "POR-chT"]
[Site "Peniche"]
[Date "2021.07.22"]
[Round "6.2"]
[White "Sadhwani, Raunak"]
[Black "Romano, Joao Manuel Pereira"]
[Result "1-0"]
[WhiteElo "2555"]
[BlackElo "2028"]
[PlyCount "59"]
[EventDate "2021.07.19"]
[EventType "team-tourn"]
[EventRounds "9"]
[EventCountry "POR"]
[SourceTitle "CBM 203 Extra"]
[Source "ChessBase"]
[SourceDate "2021.09.30"]
[SourceVersion "1"]
[SourceVersionDate "2021.09.30"]
[SourceQuality "1"]
[WhiteTeam "Gaia"]
[BlackTeam "CX A2D"]
[WhiteTeamCountry "POR"]
[BlackTeamCountry "POR"]

1. c4 e6 2. g3 d5 3. Bg2 Nf6 4. Nf3 a6 5. b3 b5 6. d4 Bb4+ 7. Bd2 Bxd2+ 8. Nbxd2 dxc4 9. bxc4 0-0 10. 0-0 Bb7 11. Qb1 Nbd7 12. a4 b4 13. Qxb4 Rb8 14. Qa3 c5 15. e3 Qc7 16. Rfc1 a5 17. Rab1 Bxf3 18. Bxf3 Rb4 19. Rxb4 axb4 20. Qb2 Rb8 21. Nb3 e5 22. a5 Kf8 23. a6 e4 24. Be2 Ra8 25. Ra1 Qb6 26. Ra5 Rxa6 27. dxc5 Qa7 28. Rxa6 Qxa6 29. Qd2 Qa3 30. c6 1-0

[Event "Famalicao op 7th"]
[Site "Vila Nova de Famalicao"]
[Date "2019.07.31"]
[Round "6"]
[White "Campora, Daniel Hugo"]
[Black "Romano, Joao Manuel Pereira"]
[Result "1-0"]
[WhiteElo "2420"]
[BlackElo "2053"]
[PlyCount "97"]
[EventDate "2019.07.28"]
[EventType "swiss"]
[EventRounds "9"]
[EventCountry "POR"]
[SourceTitle "CBM 191 Extra"]
[Source "ChessBase"]
[SourceDate "2019.09.30"]
[SourceVersion "1"]
[SourceVersionDate "2019.09.30"]
[SourceQuality "1"]

1. e4 e5 2. Nf3 Nc6 3. Bb5 Nf6 4. d3 Bc5 5. c3 d6 6. 0-0 0-0 7. h3 Ne7 8. d4 Bb6 9. Bd3 Ng6 10. Re1 Re8 11. Nbd2 c6 12. Qc2 Nh5 13. Nc4 Bc7 14. dxe5 dxe5 15. Bg5 Nf6 16. Rad1 h6 17. Bf1 Qe7 18. Bc1 Be6 19. Ne3 Rad8 20. Nf5 Bxf5 21. exf5 Rxd1 22. Qxd1 Nf8 23. Qb3 e4 24. g3 Qd7 25. Nh4 b5 26. a4 a6 27. axb5 axb5 28. Rd1 Qe7 29. c4 b4 30. c5 Nd5 31. Be3 Nd7 32. Bc4 N7f6 33. Ng2 Qd7 34. Bd4 Qxf5 35. Bxf6 Qxf6 36. Bxd5 cxd5 37. Rxd5 Ra8 38. Rd1 Be5 39. Ne3 Qf3 40. Qd5 Re8 41. Nf1 Bxb2 42. c6 Bf6 43. Qd7 Rf8 44. c7 Qc3 45. Rd6 b3 46. Rc6 Qxc6 47. Qxc6 b2 48. c8Q b1Q 49. Q8b7 1-0

[Event "Famalicao op 7th"]
[Site "Vila Nova de Famalicao"]
[Date "2019.07.31"]
[Round "5"]
[White "Romano, Joao Manuel Pereira"]
[Black "Rego, Pedro Filipe"]
[Result "1/2-1/2"]
[WhiteElo "2053"]
[BlackElo "2249"]
[PlyCount "125"]
[EventDate "2019.07.28"]
[EventType "swiss"]
[EventRounds "9"]
[EventCountry "POR"]
[SourceTitle "CBM 191 Extra"]
[Source "ChessBase"]
[SourceDate "2019.09.30"]
[SourceVersion "1"]
[SourceVersionDate "2019.09.30"]
[SourceQuality "1"]

1. d4 Nf6 2. Nf3 c5 3. c4 cxd4 4. Nxd4 Nc6 5. Nc3 g6 6. g3 d6 7. Bg2 Bd7 8. 0-0 Bg7 9. e3 Qa5 10. Bd2 Qb6 11. Nxc6 Bxc6 12. b3 h5 13. e4 h4 14. Be3 Qa5 15. Rc1 hxg3 16. hxg3 Rd8 17. Re1 Ng4 18. Qxg4 Bxc3 19. Red1 Bb4 20. Qe2 Qh5 21. Qxh5 Rxh5 22. Bf3 Re5 23. Bxa7 Bxe4 24. Bxe4 Rxe4 25. Be3 Ra8 26. Rc2 Ra6 27. Rd5 b6 28. Kg2 Kd7 29. Kf3 f5 30. Rd4 Re5 31. Rd1 Bc5 32. Bd2 Bd4 33. Be1 Re4 34. Kg2 Bf6 35. f3 Rd4 36. Rxd4 Bxd4 37. Bf2 Be5 38. Kf1 Kc6 39. Ke2 Ra8 40. Rd2 Bc3 41. Rc2 Bb4 42. Kf1 g5 43. Be3 Rg8 44. Rh2 f4 45. gxf4 gxf4 46. Bxf4 Rf8 47. Be3 Rxf3+ 48. Ke2 Rg3 49. Kf2 Be1+ 50. Ke2 Bc3 51. Bf2 Rg7 52. Rh5 Be5 53. Kf3 b5 54. c5 Rf7+ 55. Ke2 Rf8 56. cxd6 exd6 57. Rh7 b4 58. Be3 Bc3 59. Kd3 Rf3 60. Rh2 d5 61. Ke2 Rf6 62. Rh6 Rxh6 63. Bxh6 1/2-1/2

[Event "Lisbon Portugal rapid op"]
[Site "Lisbon"]
[Date "2019.02.10"]
[Round "2"]
[White "Romano, Joao Manuel Pereira"]
[Black "Kadric, Denis"]
[Result "0-1"]
[WhiteElo "2052"]
[BlackElo "2545"]
[PlyCount "46"]
[EventDate "2019.02.10"]
[EventType "swiss (rapid)"]
[EventRounds "8"]
[EventCountry "POR"]
[SourceTitle "CBM 188 Extra"]
[Source "ChessBase"]
[SourceDate "2019.02.26"]
[SourceVersion "1"]
[SourceVersionDate "2019.02.26"]
[SourceQuality "1"]

1. d4 d6 2. e4 g6 3. Nc3 a6 4. a4 Bg7 5. g3 Nc6 6. Be3 Nf6 7. h3 0-0 8. Bg2 e5 9. Nge2 exd4 10. Nxd4 Ne5 11. Qe2 Re8 12. 0-0 c5 13. Nb3 Be6 14. f4 Bc4 15. Qe1 Bxf1 16. fxe5 Bxg2 17. exf6 Bxe4 18. fxg7 Bxc2 19. Nc1 d5 20. Qd2 d4 21. Qxc2 Rxe3 22. N3e2 d3 23. Qd2 dxe2 0-1

[Event "Lisbon Portugal op"]
[Site "Lisbon"]
[Date "2019.02.04"]
[Round "4"]
[White "Pietruszewski, Marcin"]
[Black "Romano, Joao Manuel Pereira"]
[Result "1-0"]
[WhiteElo "2226"]
[BlackElo "2052"]
[PlyCount "103"]
[EventDate "2019.02.02"]
[EventType "swiss"]
[EventRounds "9"]
[EventCountry "POR"]
[SourceTitle "CBM 188 Extra"]
[Source "ChessBase"]
[SourceDate "2019.02.26"]
[SourceVersion "1"]
[SourceVersionDate "2019.02.26"]
[SourceQuality "1"]

1. e4 e5 2. Nf3 Nc6 3. d4 exd4 4. Nxd4 Bb4+ 5. c3 Bc5 6. Be3 Bb6 7. Nd2 Nf6 8. Nxc6 bxc6 9. Qf3 Bxe3 10. Qxe3 0-0 11. Bd3 Re8 12. 0-0-0 d6 13. Bb1 Be6 14. f4 Qb8 15. Qd3 Qb5 16. Qc2 Rab8 17. Rde1 g6 18. Rhf1 Bd7 19. h3 d5 20. c4 Qb4 21. a3 Qb6 22. Qc3 d4 23. Qc2 c5 24. g4 Bxg4 25. hxg4 Nxg4 26. e5 Ne3 27. Rxe3 dxe3 28. Ne4 Red8 29. Rh1 c6 30. Nd6 Qa5 31. Rd1 Rb6 32. Qc3 Qxc3+ 33. bxc3 Rb3 34. Bc2 Rxc3 35. Kb2 e2 36. Kxc3 exd1Q 37. Bxd1 Kf8 38. Bf3 Ke7 39. Bxc6 f6 40. Bd5 fxe5 41. fxe5 Rf8 42. Nb7 g5 43. Kd3 g4 44. Nxc5 g3 45. Ke3 Rf2 46. Ne4 Ra2 47. Nxg3 Rxa3+ 48. Kf4 Ra1 49. Nf5+ Kf8 50. e6 Re1 51. Kg5 Rg1+ 52. Kf6 1-0

[Event "Lisbon Portugal op"]
[Site "Lisbon"]
[Date "2019.02.03"]
[Round "2"]
[White "Risting, Eivind Olav"]
[Black "Romano, Joao Manuel Pereira"]
[Result "1/2-1/2"]
[WhiteElo "2282"]
[BlackElo "2052"]
[PlyCount "114"]
[EventDate "2019.02.02"]
[EventType "swiss"]
[EventRounds "9"]
[EventCountry "POR"]
[SourceTitle "CBM 188 Extra"]
[Source "ChessBase"]
[SourceDate "2019.02.26"]
[SourceVersion "1"]
[SourceVersionDate "2019.02.26"]
[SourceQuality "1"]

1. d4 d5 2. c4 e6 3. Nc3 a6 4. cxd5 exd5 5. Qb3 c6 6. e4 b5 7. exd5 Nf6 8. Bg5 Be7 9. Nf3 Nxd5 10. Nxd5 cxd5 11. Bxe7 Qxe7+ 12. Qe3 Be6 13. Bd3 Qb4+ 14. Qd2 Nc6 15. Qxb4 Nxb4 16. Kd2 Kd7 17. Ne5+ Kd6 18. a3 Nc6 19. Nxc6 Kxc6 20. Rhc1+ Kd6 21. Rc5 Rhb8 22. Rac1 Ke7 23. Kc3 g5 24. Kb4 a5+ 25. Kb3 b4 26. a4 Rc8 27. Rxc8 Rxc8 28. Rxc8 Bxc8 29. Bxh7 f5 30. Bg8 Bb7 31. Kc2 Bc6 32. b3 Kf6 33. Kd2 Kg7 34. Be6 Kf6 35. Bc8 Be8 36. Bb7 Bf7 37. Ba6 f4 38. Bc8 Bg6 39. f3 Bh7 40. g3 fxg3 41. hxg3 Bg6 42. Bb7 Bf7 43. Ke3 Be6 44. Bc6 Bf7 45. g4 Be6 46. Kf2 Bf7 47. Ke3 Be6 48. Bb5 Bf7 49. Bd3 Be6 50. Kf2 Bf7 51. Bf5 Bg8 52. Kg3 Bf7 53. f4 Bg8 54. Bd7 Bf7 55. f5 Ke7 56. Bb5 Kf6 57. Bc6 Ke7 1/2-1/2

[Event "Famalicao op 6th"]
[Site "Famalicao"]
[Date "2018.07.30"]
[Round "2"]
[White "Monteiro, Paulo Alexandre G"]
[Black "Romano, Joao Manuel Pereira"]
[Result "0-1"]
[WhiteElo "1580"]
[BlackElo "2028"]
[PlyCount "84"]
[EventDate "2018.07.29"]
[EventType "swiss"]
[EventRounds "9"]
[EventCountry "POR"]
[SourceTitle "CBM 185 Extra"]
[Source "ChessBase"]
[SourceDate "2018.07.29"]
[SourceVersion "1"]
[SourceVersionDate "2018.07.29"]
[SourceQuality "1"]

1. d4 Nf6 2. Nf3 d5 3. c4 e6 4. Nc3 a6 5. cxd5 exd5 6. Bg5 Be6 7. e3 Nbd7 8. Bd3 Bd6 9. 0-0 c6 10. Qc2 h6 11. Bh4 0-0 12. Bg3 Qc7 13. b4 Bxg3 14. hxg3 Qd6 15. a4 b5 16. Rfb1 Nb6 17. a5 Nc4 18. Nd2 Rfe8 19. Nb3 Ra7 20. Nc5 Bc8 21. Re1 Kf8 22. Rad1 Rae7 23. Bf5 Bxf5 24. Qxf5 g6 25. Qh3 h5 26. Nxa6 Ng4 27. Rd3 Qf6 28. Re2 Rxe3 29. fxe3 Ncxe3 30. Rdxe3 Rxe3 31. Qxg4 hxg4 32. Rxe3 Qxd4 33. Kf2 Qd2+ 34. Ne2 d4 35. Re4 d3 36. Nc7 dxe2 37. Rxe2 Qxb4 38. a6 Qd4+ 39. Kf1 Qa7 40. Re8+ Kg7 41. Re7 Kh6 42. Nd5 Qxa6 0-1

[Event "Famalicao op 5th"]
[Site "Famalicao"]
[Date "2017.08.04"]
[Round "8"]
[White "Romano, Joao Manuel Pereira"]
[Black "Safranska, Anda"]
[Result "0-1"]
[WhiteElo "1877"]
[BlackElo "2202"]
[PlyCount "110"]
[EventDate "2017.07.29"]
[EventType "swiss"]
[EventRounds "9"]
[EventCountry "POR"]
[SourceTitle "EXT 2018"]
[Source "ChessBase"]
[SourceDate "2017.10.13"]
[SourceVersion "1"]
[SourceVersionDate "2017.10.13"]
[SourceQuality "1"]

1. d4 Nf6 2. g3 d6 3. Bg2 g6 4. e4 Bg7 5. Nc3 0-0 6. Nge2 e5 7. h3 Nc6 8. Be3 Bd7 9. 0-0 Re8 10. Qd2 exd4 11. Nxd4 Ne5 12. b3 c5 13. Ndb5 Bxh3 14. Nxd6 Bxg2 15. Kxg2 Re7 16. Rad1 Rd7 17. f4 Neg4 18. e5 Ne8 19. Bxc5 Rc8 20. Ba3 Nxd6 21. Bxd6 Rxd6 22. exd6 Bxc3 23. Qe2 Nf6 24. Rf3 Nd7 25. f5 Bf6 26. c4 a5 27. fxg6 hxg6 28. Qe4 Qb6 29. Rd5 Kg7 30. g4 Qd8 31. Qf4 Qe8 32. Re3 Qf8 33. Rh3 Kg8 34. g5 Bg7 35. Re3 Re8 36. a3 b6 37. Qf3 Be5 38. Qe2 f6 39. b4 axb4 40. axb4 Qf7 41. gxf6 Qxf6 42. Qg4 Ra8 43. Re2 Rf8 44. Rd1 Rf7 45. c5 bxc5 46. bxc5 Nxc5 47. d7 Nxd7 48. Rdd2 Nf8 49. Rf2 Qc6+ 50. Kg1 Rh7 51. Rxf8+ Kxf8 52. Rd8+ Ke7 53. Rc8 Qh1+ 54. Kf2 Rh2+ 55. Ke3 Qe1+ 0-1

[Event "Famalicao op 5th"]
[Site "Famalicao"]
[Date "2017.08.01"]
[Round "5"]
[White "Areal, Pedro"]
[Black "Romano, Joao Manuel Pereira"]
[Result "0-1"]
[WhiteElo "1757"]
[BlackElo "1877"]
[PlyCount "56"]
[EventDate "2017.07.29"]
[EventType "swiss"]
[EventRounds "9"]
[EventCountry "POR"]
[SourceTitle "EXT 2018"]
[Source "ChessBase"]
[SourceDate "2017.10.13"]
[SourceVersion "1"]
[SourceVersionDate "2017.10.13"]
[SourceQuality "1"]

1. d4 Nf6 2. Bg5 d5 3. Bxf6 exf6 4. g3 g6 5. Bg2 Bg7 6. e3 0-0 7. Ne2 c6 8. 0-0 f5 9. Nd2 Nd7 10. c4 dxc4 11. Nxc4 Nf6 12. Qc2 Qe7 13. a3 Rd8 14. Rfd1 Be6 15. Rac1 Bd5 16. Nd2 Bxg2 17. Kxg2 Nd5 18. Nc3 h5 19. Nxd5 Rxd5 20. b4 h4 21. Qb1 Qe6 22. Rc5 Rad8 23. Rdc1 h3+ 24. Kxh3 f4+ 25. Kg2 fxe3 26. fxe3 Qxe3 27. Nc4 Qe2+ 28. Kh1 Qf3+ 0-1

[Event "Famalicao op 5th"]
[Site "Famalicao"]
[Date "2017.07.30"]
[Round "2"]
[White "Romano, Joao Manuel Pereira"]
[Black "Lazarev, Vladimir"]
[Result "0-1"]
[WhiteElo "1877"]
[BlackElo "2417"]
[PlyCount "90"]
[EventDate "2017.07.29"]
[EventType "swiss"]
[EventRounds "9"]
[EventCountry "POR"]
[SourceTitle "EXT 2018"]
[Source "ChessBase"]
[SourceDate "2017.10.13"]
[SourceVersion "1"]
[SourceVersionDate "2017.10.13"]
[SourceQuality "1"]

1. e4 c5 2. Nf3 e6 3. d4 cxd4 4. Nxd4 a6 5. c4 Nf6 6. Nc3 Qc7 7. a3 b6 8. Be3 Bb7 9. f3 d6 10. Rc1 Nbd7 11. Be2 Be7 12. 0-0 0-0 13. Qd2 Rac8 14. b4 Qb8 15. Rfd1 Rfe8 16. Bf1 Bd8 17. Qf2 Bc7 18. g3 h6 19. Nb3 Bd8 20. Rc2 Ne5 21. Rdc1 d5 22. exd5 exd5 23. Nxd5 Nxd5 24. cxd5 Rxc2 25. Rxc2 Bxd5 26. Nd4 b5 27. Bg2 Nc4 28. Bf4 Qa7 29. Nb3 Bb6 30. Nc5 Nxa3 31. Rd2 Qa8 32. Re2 Nc4 33. Bf1 Rxe2 34. Bxe2 a5 35. Bxc4 bxc4 36. Qb2 axb4 37. Qxb4 Qc6 38. Be3 Qf6 39. f4 Qa1+ 40. Kf2 Qa2+ 41. Kf1 Qg2+ 42. Ke1 Bf3 43. Bf2 c3 44. Qxc3 Qh1+ 45. Kd2 Qd1+ 0-1

[Event "POR Circuit rapid"]
[Site "Matosinhos"]
[Date "2016.10.30"]
[Round "7"]
[White "Romano, Joao Manuel Pereira"]
[Black "Ferreira, Hugo Miguel da Cost"]
[Result "1-0"]
[WhiteElo "1856"]
[BlackElo "1949"]
[PlyCount "77"]
[EventDate "2016.10.30"]
[EventType "tourn (rapid)"]
[EventRounds "7"]
[EventCountry "POR"]
[SourceTitle "EXT 2018"]
[Source "ChessBase"]
[SourceDate "2017.10.13"]
[SourceVersion "1"]
[SourceVersionDate "2017.10.13"]
[SourceQuality "1"]

1. e4 c5 2. Nf3 a6 3. c4 g6 4. d4 cxd4 5. Nxd4 Bg7 6. Nc3 Nc6 7. Be3 d6 8. Be2 e5 9. Nxc6 bxc6 10. c5 dxc5 11. Qxd8+ Kxd8 12. Bxc5 Nf6 13. 0-0-0+ Nd7 14. Rd3 Ke8 15. Be3 Ke7 16. Rhd1 f5 17. Bg5+ Ke8 18. Rd6 c5 19. Re6+ Kf8 20. Bc4 Rb8 21. Re7 Rb4 22. Be6 h6 23. Rf7+ Ke8 24. Rxg7 Rd4 25. Bxd7+ Bxd7 26. Re7+ Kf8 27. Rxd7 hxg5 28. R1xd4 cxd4 29. Rd8+ Kg7 30. Rxh8 Kxh8 31. Na4 Kg7 32. b4 Kf7 33. Nc5 Ke7 34. Nxa6 fxe4 35. a4 Kd6 36. Nc5 Kd5 37. a5 Kc6 38. Nxe4 Kb5 39. Nxg5 1-0

[Event "Famalicao op 4th"]
[Site "Famalicao"]
[Date "2016.07.30"]
[Round "1"]
[White "Romano, Joao Manuel Pereira"]
[Black "Castro, Luis Filipe Ferreir"]
[Result "1-0"]
[WhiteElo "1815"]
[BlackElo "1806"]
[PlyCount "77"]
[EventDate "2016.07.30"]
[EventType "swiss"]
[EventRounds "7"]
[EventCountry "POR"]
[SourceTitle "CBM 173 Extra"]
[Source "ChessBase"]
[SourceDate "2016.08.29"]
[SourceVersion "1"]
[SourceVersionDate "2016.08.29"]
[SourceQuality "1"]

1. e4 e5 2. Nf3 Nc6 3. Bb5 Nf6 4. 0-0 Bc5 5. c3 d6 6. d4 exd4 7. cxd4 Bb4 8. a3 Ba5 9. b4 Bb6 10. d5 a6 11. Ba4 Bd7 12. dxc6 bxc6 13. e5 Nd5 14. exd6 0-0 15. Ne5 cxd6 16. Nxd7 Qxd7 17. Qxd5 Rac8 18. Qd3 Qc7 19. Nc3 Ra8 20. Bb2 d5 21. Rac1 Qd6 22. Bc2 g6 23. Ne4 Qd8 24. Nf6+ Kg7 25. Qh3 h6 26. Ng4+ d4 27. Qxh6+ Kg8 28. Bb3 Qd6 29. Qg5 Rfc8 30. Nh6+ Kg7 31. Nxf7 Qf8 32. Qh6+ Kf6 33. Qh4+ Kg7 34. Bxd4+ Bxd4 35. Qxd4+ Kh7 36. Rc3 Qg7 37. Rh3+ Kg8 38. Rh8+ Qxh8 39. Qxh8# 1-0

[Event "Famalicao op 4th"]
[Site "Famalicao"]
[Date "2016.07.30"]
[Round "2"]
[White "Vassallo Barroche, Mauricio"]
[Black "Romano, Joao Manuel Pereira"]
[Result "1-0"]
[WhiteElo "2389"]
[BlackElo "1815"]
[PlyCount "55"]
[EventDate "2016.07.30"]
[EventType "swiss"]
[EventRounds "7"]
[EventCountry "POR"]
[SourceTitle "CBM 173 Extra"]
[Source "ChessBase"]
[SourceDate "2016.08.29"]
[SourceVersion "1"]
[SourceVersionDate "2016.08.29"]
[SourceQuality "1"]

1. Nf3 Nf6 2. g3 d5 3. Bg2 e6 4. c4 Be7 5. 0-0 0-0 6. d4 dxc4 7. Qc2 a6 8. Qxc4 b5 9. Qc2 Bb7 10. Bf4 Bd6 11. Bg5 h6 12. Bxf6 Qxf6 13. Nbd2 Nd7 14. Ne5 Bxg2 15. Nxd7 Qd8 16. Nxf8 Bxf1 17. Nxe6 fxe6 18. Rxf1 Qf6 19. e3 Kh8 20. Qc6 Qf8 21. Ne4 e5 22. Nxd6 cxd6 23. dxe5 dxe5 24. h4 Rd8 25. Qxa6 Qb4 26. b3 Rd2 27. Qc8+ Kh7 28. Qf5+ 1-0

[Event "Gaia Profigaia op 9th"]
[Site "Vila Nova de Gaia"]
[Date "2016.06.25"]
[Round "3"]
[White "Romano, Joao Manuel Pereira"]
[Black "Margarido, Jose Miguel Teixeir"]
[Result "1-0"]
[WhiteElo "1809"]
[BlackElo "2057"]
[PlyCount "39"]
[EventDate "2016.06.24"]
[EventType "swiss"]
[EventRounds "7"]
[EventCountry "POR"]
[SourceTitle "EXT 2018"]
[Source "ChessBase"]
[SourceDate "2017.10.13"]
[SourceVersion "1"]
[SourceVersionDate "2017.10.13"]
[SourceQuality "1"]

1. e4 c5 2. Nf3 e6 3. g3 b6 4. Bg2 Bb7 5. Nc3 d6 6. d4 cxd4 7. Nxd4 a6 8. 0-0 Nd7 9. Re1 Be7 10. e5 Bxg2 11. exd6 Bb7 12. dxe7 Nxe7 13. Qg4 0-0 14. Bg5 Re8 15. Nxe6 fxe6 16. Qxe6+ Kh8 17. Rad1 Ng6 18. Bxd8 Rxe6 19. Rxe6 Rxd8 20. Rxd7 1-0